Industria y comercio (Record no. 1225)

MARC details
000 -LEADER
campo de control de longitud fija 00894nas a2200265 i 4500
001 - NÚMERO DE CONTROL
campo de control 1225
003 - IDENTIFICADOR DE NÚMERO DE CONTROL
campo de control ES-MaACL
005 - FECHA Y HORA DE LA ÚLTIMA TRANSACCIÓN
campo de control 20250902010329.0
007 - CAMPO FIJO DE DESCRIPCIÓN FÍSICA--INFORMACIÓN GENERAL
campo de control de longitud fija t|
008 - DATOS DE LONGITUD FIJA--INFORMACIÓN GENERAL
campo de control de longitud fija 950801i19241963sp | | 1 ||pa d
022 ## - NÚMERO INTERNACIONAL NORMALIZADO PARA PUBLICACIONES SERIADAS
Número Internacional Normalizado para Publicaciones Seriadas 9953-3839
080 ## - NÚMERO DE LA CLASIFICACIÓN DECIMAL UNIVERSAL
Número de la Clasificación Decimal Universal 339
080 ## - NÚMERO DE LA CLASIFICACIÓN DECIMAL UNIVERSAL
Número de la Clasificación Decimal Universal 338.45
245 00 - MENCIÓN DEL TÍTULO
Título Industria y comercio
Resto del título : boletín de la Cámara Oficial del Comercio y de la Industria de Zaragoza y del Museo Comercial de Aragón.
260 ## - PUBLICACIÓN, DISTRIBUCIÓN, ETC.
Lugar de publicación, distribución, etc. Zaragoza :
Nombre del editor, distribuidor, etc. Cámara Oficial del Comercio y de la Industria,
Fecha de publicación, distribución, etc. 1924-1963.
300 ## - DESCRIPCIÓN FÍSICA
Extensión 6 v. ;
Dimensiones 31 cm.
362 0# - FECHAS DE PUBLICACIÓN Y/O DESIGNACIÓN SECUENCIAL
Fecha de publicación y/o designación secuencial 1924-1963.
650 17 - PUNTO DE ACCESO ADICIONAL DE MATERIA--TÉRMINO DE MATERIA
Término de materia o nombre geográfico como elemento de entrada Comercio
Fuente del encabezamiento o término embne
9 (RLIN) 11157
650 07 - PUNTO DE ACCESO ADICIONAL DE MATERIA--TÉRMINO DE MATERIA
Término de materia o nombre geográfico como elemento de entrada Industria
Fuente del encabezamiento o término embne
9 (RLIN) 13713
710 2# - ENTRADA AGREGADA--NOMBRE DE ENTIDAD CORPORATIVA
Nombre de entidad corporativa o nombre de jurisdicción como elemento de entrada Camara Oficial de Comercio e Industria de Zaragoza
9 (RLIN) 2388
710 2# - ENTRADA AGREGADA--NOMBRE DE ENTIDAD CORPORATIVA
Nombre de entidad corporativa o nombre de jurisdicción como elemento de entrada Museo Comercial de Aragón
9 (RLIN) 194138
852 ## - LOCALIZACIÓN
Ubicación ES-MaACL
Número de control de estantería Hem-589
866 #0 - MENCIÓN TEXTUAL DE FONDOS--UNIDAD BIBLIOGRÁFICA BÁSICA
Fondos (1941sólo n.2 y 4)1942-58(1959f.n.2)1960-63
Holdings
Estatus retirado Estado de pérdida Estado de daño No para préstamo Colección Biblioteca de origen Biblioteca actual Ubicación en estantería Fecha de adquisición Fuente de adquisición Total de préstamos Signatura topográfica completa Código de barras Visto por última vez Precio de reemplazo Tipo de ítem Koha
        Periódicos y Revistas Biblioteca del Ateneo de Madrid Biblioteca del Ateneo de Madrid Depósito 1 17/01/2008     Hem-589 1001250 23/02/2023 23/02/2023 Revista